000 00342cam a22001097a 4500
008 180718b1985 xxu||||| |||| 00| 0 eng d
082 _aG5x54 In2e
245 _aExtractions from Parliamentary proceedings
_cby Lok Sabha Secretariat
260 _aNew Delhi
_bLok Sabha Secretariat
_c1985
300 _a30+p
700 _aIndia. Lok Sabha Secretariat
999 _c490836
_d490836